| 000 | 00540cam a22002051 4500 | ||
|---|---|---|---|
| 001 | ca 36000245 | ||
| 003 | DLC | ||
| 005 | 20260227111140.0 | ||
| 008 | 760716s1935 nyu 000 0 eng | ||
| 010 | _aca 36000245 | ||
| 035 | _a(OCoLC)2315044 | ||
| 040 |
_aDLC _cAzTeS _dAzTeS _dDLC |
||
| 042 | _apremarc | ||
| 050 | 0 | 0 |
_aPS3515.A434 _bC4 1935 |
| 082 | _a812.5 | ||
| 100 | 1 | _aHamlin, Mary P. | |
| 245 | 1 | 0 |
_aCertain Greeks; _ba play in one act, _cby Mary P. Hamlin. |
| 260 |
_aNew York, _bS. French, _cc1935. |
||
| 300 |
_a45 p. _c19 cm. |
||
| 999 |
_c18052 _d18052 |
||